ბათუმის შოთა რუსთაველის სახელმწიფო უნივერსიტეტის ბიბლიოთეკა

Устроиство и монтаж воздушных линий электропередачи. (ბიბ.ჩანაწერი № 42610)

000 -LEADER
fixed length control field 00719nam a2200217Ia 4500
001 - CONTROL NUMBER
control field 9313
003 - CONTROL NUMBER IDENTIFIER
control field GE_BSU
008 - FIXED-LENGTH DATA ELEMENTS--GENERAL INFORMATION
fixed length control field 181216s||||||||xx |||||||||||||| ||und||
040 ## - CATALOGING SOURCE
Transcribing agency GE_BSU
080 ## - UNIVERSAL DECIMAL CLASSIFICATION NUMBER
Universal Decimal Classification number 621.315(075.32)
100 ## - MAIN ENTRY--PERSONAL NAME
Personal name Магидин,Ф.А. Берковский,А.Г.
245 ## - TITLE STATEMENT
Title Устроиство и монтаж воздушных линий электропередачи.
245 ## - TITLE STATEMENT
Remainder of title Учеб. пособие.
245 ## - TITLE STATEMENT
Statement of responsibility, etc. Ред. А.Ш.Долгова.
260 ## - PUBLICATION, DISTRIBUTION, ETC.
Place of publication, distribution, etc. М.
260 ## - PUBLICATION, DISTRIBUTION, ETC.
Name of publisher, distributor, etc. Высш. школа.
260 ## - PUBLICATION, DISTRIBUTION, ETC.
Date of publication, distribution, etc. 1973.
300 ## - PHYSICAL DESCRIPTION
Extent 254 стр. 21 см.
653 ## - INDEX TERM--UNCONTROLLED
Uncontrolled term Устроиство и монтаж воздушных линий электропередачи.
942 ## - ADDED ENTRY ELEMENTS (KOHA)
Koha item type წიგნი
ეგზემპლარები
Withdrawn status Lost status Damaged status Not for loan Date acquired Barcode Date last seen Price effective from Koha item type
        2018-12-17 10137 2018-12-17 2018-12-17 წიგნი